[Event "SK Münster 3 - Schach Nienberge 1"]
[Site "Regionalliga 2016/2017"]
[Date "2016.11.19"]
[Round "3.5"]
[White "Althoff, Franz"]
[Black "Meyer, Ulrich"]
[Result "1-0"]
[WhiteElo "2009"]
[BlackElo "1929"]
[PlyCount "89"]
[EventDate "2016.??.??"]
[SourceDate "2016.10.07"]

1. Nf3 c5 2. c4 Nc6 3. Nc3 e5 4. e3 Nf6 5. d4 cxd4 6. exd4 exd4 7. Nxd4 d5 8.
Nxc6 bxc6 9. cxd5 Nxd5 10. Nxd5 Qxd5 11. Qxd5 cxd5 12. Bd2 Bd6 13. Bd3 O-O 14.
O-O Be5 15. Bb4 Re8 16. Rae1 Bd7 17. Re2 a5 18. Ba3 Bf6 19. Rd2 Bg5 20. Rc2
Rac8 21. Bc5 Bf6 22. b3 d4 23. a3 Rb8 24. b4 Ba4 25. Rcc1 axb4 26. axb4 g6 27.
h3 Bd7 28. Rfd1 Ba4 29. Re1 Rxe1+ 30. Rxe1 Bg5 31. Re4 f5 32. Rxd4 Re8 33. b5
Re1+ 34. Kh2 Bb3 35. b6 Bf6 36. b7 Be5+ 37. f4 Bc7 38. b8=Q+ Bxb8 39. Rd8+ Kg7
40. Rxb8 Bd5 41. Rd8 Bc6 42. Rc8 Bd5 43. Rc7+ Kg8 44. Rd7 Bc6 45. Bc4+ 1-0

[Event "SK Münster 3 - Schach Nienberge 1"]
[Site "Regionalliga 2016/2017"]
[Date "2016.11.19"]
[Round "3.6"]
[White "Freise, Eckhard"]
[Black "Schäfer, Günter"]
[Result "1/2-1/2"]
[WhiteElo "1785"]
[BlackElo "1883"]
[PlyCount "112"]
[EventDate "2016.??.??"]
[SourceDate "2016.10.07"]

1. d4 Nf6 2. c4 d6 3. f3 Nbd7 4. Nc3 e5 5. d5 Be7 6. Nh3 a5 7. Nf2 Nc5 8. g3
O-O 9. Bg2 c6 10. O-O cxd5 11. cxd5 a4 12. e4 b5 13. Be3 b4 14. Bxc5 bxc3 15.
Ba3 cxb2 16. Bxb2 a3 17. Bc3 Ba6 18. Re1 Bc4 19. Bf1 Bxf1 20. Kxf1 Qc7 21. Qd3
Rfc8 22. Rec1 Qc4 23. Ke2 Nd7 24. Qxc4 Rxc4 25. Nd3 Bg5 26. f4 exf4 27. gxf4
Rxe4+ 28. Kf3 Rae8 29. Re1 Rxe1 30. Rxe1 Rxe1 31. Nxe1 Bf6 32. Bb4 Bb2 33. Nc2
Nf6 34. Bxa3 Bxa3 35. Nxa3 Nxd5 36. Nb5 Kf8 37. Nxd6 Ke7 38. Nf5+ Kf6 39. Nd4
Nc3 40. a3 h6 41. h4 Na4 42. Ne2 g6 43. Ng3 Nb2 44. Ne4+ Ke6 45. Nc3 Nc4 46. a4
f6 47. Ke4 Nd6+ 48. Kf3 Nc4 49. Ne4 Na5 50. Nc3 g5 51. fxg5 fxg5 52. h5 Kf5 53.
Ne4 g4+ 54. Ke3 Nc4+ 55. Kd4 Na5 56. Ke3 Nc4+ 1/2-1/2

[Event "SK Münster 3 - Schach Nienberge 1"]
[Site "Regionalliga 2016/2017"]
[Date "2016.11.19"]
[Round "3.7"]
[White "Kluczka, Konrad"]
[Black "Hartmann, Steffen"]
[Result "0-1"]
[WhiteElo "1817"]
[BlackElo "1887"]
[PlyCount "98"]
[EventDate "2016.??.??"]
[SourceDate "2016.10.07"]

1. e4 c5 2. c3 Nf6 3. e5 Nd5 4. d4 e6 5. Nf3 Nc6 6. Be2 cxd4 7. cxd4 Be7 8. O-O
O-O 9. Nc3 Nxc3 10. bxc3 d6 11. Bf4 b6 12. Bd3 dxe5 13. Nxe5 Nxe5 14. Bxe5 Bb7
15. Qg4 Bf6 16. Rfe1 Bxe5 17. Rxe5 Qf6 18. Rae1 Rad8 19. R1e3 g6 20. h4 Rd5 21.
Be4 Rxe5 22. dxe5 Qe7 23. Bxb7 Qxb7 24. h5 Qd5 25. c4 Qd2 26. hxg6 hxg6 27. Rh3
Qe1+ 28. Kh2 Qxe5+ 29. f4 Qf6 30. Rf3 Kg7 31. Qg3 Rh8+ 32. Kg1 Qa1+ 33. Rf1
Qd4+ 34. Qf2 Rd8 35. Rc1 Qxf2+ 36. Kxf2 Rd2+ 37. Kf3 Rxa2 38. c5 bxc5 39. Rxc5
f5 40. Rc8 Ra3+ 41. Kf2 a5 42. Ra8 a4 43. Ra6 Kf6 44. Ra8 g5 45. g3 gxf4 46.
gxf4 Ra1 47. Ra6 a3 48. Kf3 a2 49. Kg2 Ke7 0-1

[Event "SK Münster 3 - Schach Nienberge 1"]
[Site "Regionalliga 2016/2017"]
[Date "2016.11.19"]
[Round "3.8"]
[White "Jansen, Dirk"]
[Black "Scharlow, Siegmar"]
[Result "1-0"]
[WhiteElo "1894"]
[BlackElo "1719"]
[PlyCount "43"]
[EventDate "2016.??.??"]
[SourceDate "2016.10.07"]

1. c4 Nf6 2. Nc3 g6 3. g3 Bg7 4. Bg2 O-O 5. d4 d6 6. Nf3 Nbd7 7. O-O e5 8. e4
Re8 9. h3 exd4 10. Nxd4 Nb6 11. b3 a6 12. Be3 Bd7 13. Qc2 Rc8 14. Rad1 c6 15.
Rfe1 d5 16. c5 Na8 17. exd5 cxd5 18. Nxd5 Nxd5 19. Bxd5 Bxh3 20. Bxb7 Bxd4 21.
Rxd4 Rxe3 22. Rxd8+ 1-0

[Event "Südlohner SV 1 - SK Bocholt 1"]
[Site "Regionalliga 2016/2017"]
[Date "2016.11.19"]
[Round "3.1"]
[White "Fuest, Martin"]
[Black "Kolakovic, Klaudio"]
[Result "1-0"]
[WhiteElo "2156"]
[BlackElo "1965"]
[PlyCount "93"]
[EventDate "2016.??.??"]
[SourceDate "2016.10.07"]

1. d4 d5 2. c4 e6 3. Nf3 c6 4. e3 Bd6 5. Nc3 f5 6. Ne5 Nf6 7. Be2 O-O 8. f4
Nbd7 9. O-O Qe7 10. c5 Bxe5 11. fxe5 Ne4 12. Nxe4 fxe4 13. Bd2 Rxf1+ 14. Qxf1
Nf8 15. b4 Bd7 16. g3 h6 17. Qh3 Nh7 18. Qg4 Rf8 19. Rf1 Rxf1+ 20. Kxf1 Qg5 21.
h4 Qxg4 22. Bxg4 Nf8 23. Be1 Kf7 24. Be2 Ke7 25. Bf2 g6 26. g4 g5 27. h5 Kd8
28. Ke1 Kc7 29. Kd1 Be8 30. Be1 b5 31. cxb6+ axb6 32. b5 Kb7 33. Bb4 Nh7 34.
bxc6+ Bxc6 35. Kc2 Ba4+ 36. Kc3 Bc6 37. Be7 Ba4 38. Kb4 Bc2 39. Bd6 Kc8 40.
Ba6+ Kd7 41. Kb5 Bd3+ 42. Kxb6 Bxa6 43. Kxa6 Nf6 44. exf6 Kxd6 45. Kb5 e5 46.
dxe5+ Ke6 47. Kb4 1-0

[Event "Südlohner SV 1 - SK Bocholt 1"]
[Site "Regionalliga 2016/2017"]
[Date "2016.11.19"]
[Round "3.2"]
[White "Dönnebrink, Elmar"]
[Black "Liesmann, Karsten"]
[Result "1-0"]
[WhiteElo "2040"]
[BlackElo "2006"]
[PlyCount "67"]
[EventDate "2016.??.??"]
[SourceDate "2016.10.07"]

1. e4 c5 2. Nf3 Nc6 3. Bb5 d6 4. d4 cxd4 5. Qxd4 Bd7 6. Bxc6 Bxc6 7. Nc3 Nf6 8.
Bg5 e6 9. O-O-O Be7 10. Rhe1 Qc7 11. Nd5 Bxd5 12. exd5 e5 13. Qd2 Rc8 14. Re2
O-O 15. Nxe5 Ne4 16. Rxe4 Bxg5 17. f4 Bxf4 18. Rxf4 dxe5 19. Re4 Qd6 20. Qe3 f6
21. Kb1 Rc5 22. Qb3 b6 23. c4 Rd8 24. Re2 Qc7 25. Rc2 a5 26. Qh3 Qd7 27. g4 h6
28. Qf3 Qa4 29. b3 Qb4 30. a3 Qxa3 31. Ra2 Qb4 32. Ra4 e4 33. Qe3 Rcxd5 34.
Rxd5 1-0

[Event "Südlohner SV 1 - SK Bocholt 1"]
[Site "Regionalliga 2016/2017"]
[Date "2016.11.19"]
[Round "3.3"]
[White "Steiner, Karl"]
[Black "Darwisch, Khaled"]
[Result "0-1"]
[WhiteElo "1920"]
[BlackElo "2053"]
[PlyCount "84"]
[EventDate "2016.??.??"]
[SourceDate "2016.10.07"]

1. d4 d6 2. e4 g6 3. Bc4 Nf6 4. Nc3 c6 5. Nf3 b5 6. Bd3 Bg7 7. h3 b4 8. Ne2 Qc7
9. Be3 Nbd7 10. Qd2 c5 11. c3 c4 12. Bc2 Bb7 13. d5 a5 14. cxb4 axb4 15. Qxb4
O-O 16. O-O Rfb8 17. Qd2 Ba6 18. Rfb1 Nc5 19. Nc3 Rb7 20. Nd4 Nfd7 21. Na4 Ne5
22. Nxc5 dxc5 23. Ne2 Rab8 24. Qc1 Rxb2 25. Bf4 Qa5 26. Bd2 c3 27. Nxc3 Nc4 28.
Rxb2 Rxb2 29. Rb1 Bxc3 30. Rxb2 Bxb2 31. Qxb2 Qxd2 32. Qb8+ Kg7 33. Bb3 Nd6 34.
e5 Qe1+ 35. Kh2 Qxe5+ 36. Kg1 c4 37. Bc2 Bb7 38. a4 Qxd5 39. f3 Qd4+ 40. Kh1
Qd2 41. Be4 Bxe4 42. fxe4 c3 0-1

[Event "Südlohner SV 1 - SK Bocholt 1"]
[Site "Regionalliga 2016/2017"]
[Date "2016.11.19"]
[Round "3.4"]
[White "Funke, Reinhard"]
[Black "Hunhoff, Sebastian"]
[Result "0-1"]
[WhiteElo "2015"]
[BlackElo "1912"]
[PlyCount "98"]
[EventDate "2016.??.??"]
[SourceDate "2016.10.07"]

1. d4 Nf6 2. Nf3 c5 3. e3 e6 4. Bd3 d5 5. b3 Nc6 6. Bb2 Be7 7. O-O O-O 8. Nbd2
Bd7 9. Ne5 Rc8 10. a3 Nxe5 11. dxe5 Ne8 12. Qh5 g6 13. Qh6 Bg5 14. Qh3 f5 15.
f4 Be7 16. c4 Bc6 17. Rad1 Qc7 18. g4 Ng7 19. Rf2 Rcd8 20. Re1 dxc4 21. Bxc4 b5
22. gxf5 Rxf5 23. Bf1 Rh5 24. Qg4 Bh4 25. Ree2 Bxf2+ 26. Rxf2 Qe7 27. e4 Rh4
28. Qe2 Nh5 29. Qe3 Rf8 30. f5 exf5 31. Bg2 Rg4 32. e6 Qxe6 33. Kh1 fxe4 34.
Rxf8+ Kxf8 35. Bh3 Nf4 36. Bf1 Nd3 37. h3 Rf4 38. Bg2 Qf5 39. Bc3 Rf2 40. Nxe4
Bxe4 41. Bxe4 Rf1+ 42. Kg2 Qf2+ 43. Qxf2+ Rxf2+ 44. Kg3 Rc2 45. Ba5 c4 46. bxc4
bxc4 47. h4 Ra2 48. Bc7 Ke7 49. Bd5 Rxa3 0-1

[Event "Südlohner SV 1 - SK Bocholt 1"]
[Site "Regionalliga 2016/2017"]
[Date "2016.11.19"]
[Round "3.5"]
[White "Gajic, Goran"]
[Black "Telöken, Daniel"]
[Result "0-1"]
[WhiteElo "1953"]
[BlackElo "1894"]
[PlyCount "70"]
[EventDate "2016.??.??"]
[SourceDate "2016.10.07"]

1. d4 g6 2. Nf3 Bg7 3. g3 Nf6 4. Bg2 O-O 5. O-O d5 6. Bf4 c5 7. c3 Nc6 8. Ne5
cxd4 9. cxd4 Nh5 10. Nxc6 bxc6 11. Bc1 Qb6 12. e3 Ba6 13. Re1 Rfe8 14. f4 Nf6
15. Nc3 Bb5 16. b3 e6 17. Ba3 Nd7 18. Rc1 Rac8 19. Bd6 a5 20. Bf1 f6 21. h4 e5
22. fxe5 fxe5 23. dxe5 Bxf1 24. Kxf1 Nxe5 25. Kg2 Nf7 26. Na4 Qd8 27. Bc5 Nh6
28. Bd4 Nf5 29. Kh2 Qd6 30. Rg1 Bxd4 31. exd4 Nxh4 32. Qg4 Nf5 33. Rge1 Qf6 34.
Nb6 h5 35. Qf3 Rcd8 0-1

[Event "Südlohner SV 1 - SK Bocholt 1"]
[Site "Regionalliga 2016/2017"]
[Date "2016.11.19"]
[Round "3.6"]
[White "Hater, Wolfgang"]
[Black "Naumann, Felix"]
[Result "0-1"]
[WhiteElo "2024"]
[BlackElo "1799"]
[PlyCount "122"]
[EventDate "2016.??.??"]
[SourceDate "2016.10.07"]

1. e4 c5 2. Nf3 d6 3. Be2 Nf6 4. d3 g6 5. O-O Bg7 6. c3 Nc6 7. Nbd2 Bd7 8. a3
O-O 9. Re1 Rc8 10. Bf1 Qc7 11. Rb1 e6 12. b4 cxb4 13. cxb4 Rfd8 14. Bb2 Ne7 15.
Nc4 b6 16. e5 Ne8 17. Qd2 Bc6 18. exd6 Nxd6 19. Bxg7 Kxg7 20. Qb2+ Kg8 21. Nfe5
Ndf5 22. Rbc1 Qb7 23. Ne3 Nd4 24. Rc4 Nef5 25. Nxf5 Nxf5 26. Ng4 h5 27. Nf6+
Kf8 28. Nh7+ Kg8 29. Ng5 Bd5 30. Rf4 Qc7 31. Qf6 Rd7 32. g3 Qc3 33. Re5 Nd6 34.
Nxf7 Rxf7 35. Qxg6+ Rg7 36. Qxh5 Qa1 37. Qe2 Nf7 38. Rh5 Rc1 39. Rxd5 Re1 40.
Qxe1 Qxe1 41. Rd7 Qc1 42. Rc4 Qxa3 43. Bh3 Qa1+ 44. Kg2 Qf6 45. f4 Qb2+ 46. Kg1
Rh7 47. Bg2 Qd2 48. Rc8+ Kg7 49. Rcc7 Qe1+ 50. Bf1 Kf6 51. b5 Qe3+ 52. Kg2 Qd2+
53. Kf3 Qxh2 54. g4 Qh1+ 55. Bg2 Qd1+ 56. Kg3 Qe1+ 57. Kf3 Kg6 58. Rxa7 e5 59.
f5+ Kf6 60. Rxf7+ Rxf7 61. g5+ Kg7 0-1

[Event "Südlohner SV 1 - SK Bocholt 1"]
[Site "Regionalliga 2016/2017"]
[Date "2016.11.19"]
[Round "3.7"]
[White "Hunhoff, Andreas"]
[Black "Telöken, Andreas"]
[Result "0-1"]
[WhiteElo "1839"]
[BlackElo "1980"]
[PlyCount "46"]
[EventDate "2016.??.??"]
[SourceDate "2016.10.07"]

1. f4 d5 2. Nf3 Nf6 3. e3 g6 4. c4 Bg7 5. Nc3 c6 6. d4 O-O 7. Bd2 Bg4 8. Qb3
Bc8 9. Rc1 dxc4 10. Bxc4 Nbd7 11. Ne5 Qe8 12. O-O Nb6 13. Bd3 Ng4 14. Nxg4 Bxg4
15. f5 Qd7 16. fxg6 hxg6 17. Ne4 Qd5 18. Nc5 Qxb3 19. Nxb3 Rad8 20. Bc4 Nxc4
21. Rxc4 Be2 22. Rfc1 Bxc4 23. Rxc4 e5 0-1

[Event "Südlohner SV 1 - SK Bocholt 1"]
[Site "Regionalliga 2016/2017"]
[Date "2016.11.19"]
[Round "3.8"]
[White "Schmeing, Walter"]
[Black "Böing, Frank"]
[Result "1/2-1/2"]
[WhiteElo "1990"]
[BlackElo "1828"]
[PlyCount "40"]
[EventDate "2016.??.??"]
[SourceDate "2016.10.07"]

1. e4 e6 2. Qe2 c5 3. g3 Nc6 4. Bg2 d6 5. Nf3 Nf6 6. d3 Be7 7. O-O O-O 8. h3
Bd7 9. Nc3 a6 10. a4 Rc8 11. Be3 Qb6 12. Qd2 Nd4 13. Nd1 e5 14. Ne1 Bc6 15. a5
Qc7 16. Nc3 Rcd8 17. f4 d5 18. fxe5 Qxe5 19. Bf4 Qe6 20. exd5 Nxd5 1/2-1/2